Joueurs du PSG par numéros. (Paris) - Statistiques

Statistiques générales
  • Ce quiz a été pris 327 fois
  • Le résultat moyen est 18 sur 24
Statistiques - réponses
Numéro Joueurs (Nom de famille) % Correct
10 Dembele
97%
14 Doué
95%
2 Hakimi
95%
1 Donnarumma
94%
5 Marquinhos
91%
29 Barcola
90%
17 Vitinha
90%
8 Ruiz
89%
87 Neves
87%
9 Ramos
85%
25 Mendes
84%
51 Pacho
84%
33 Zaïre-Emery
78%
3 Kimpembe
77%
24 Mayulu
74%
21 Hernandez
72%
39 Safonov
67%
35 Beraldo
65%
80 Tenas
62%
49 Mbaye
61%
7 kvaratskhelia
60%
19 Lee Kang-in
60%
42 Zague
47%
45 El Hannach
15%
Aucun quiz correspondant
Distribution des résultats
% des personnes avec chaque résultat
Percentile par nombre de réponses
Votre historique - résultats
Vous n’avez pas pris ce quiz